<?xml version="1.0" encoding="UTF-8"?>
<collection xmlns="http://www.loc.gov/MARC21/slim">
  <record>
    <leader>00000nam  2200000   4500</leader>
    <controlfield tag="001">INLIS000000000017331</controlfield>
    <controlfield tag="005">20240909090714</controlfield>
    <datafield tag="035" ind1="#" ind2="#">
      <subfield code="a">0010-0724000064</subfield>
    </datafield>
    <controlfield tag="007">ta</controlfield>
    <controlfield tag="008">240909################|##########|#|##</controlfield>
    <datafield tag="084" ind1="#" ind2="#">
      <subfield code="a">R 004 PKP 2023</subfield>
    </datafield>
    <datafield tag="100" ind1=" " ind2="#">
      <subfield code="a">Mastiur A. Pasaribu</subfield>
    </datafield>
    <datafield tag="245" ind1="1" ind2="#">
      <subfield code="a">Penyusunan SOP Berbasis IT Melalui Pengembangan Aplikasi E-SOP /</subfield>
      <subfield code="c">Mastiur A. Pasaribu</subfield>
    </datafield>
    <datafield tag="260" ind1="#" ind2="#">
      <subfield code="a">Jakarta :</subfield>
      <subfield code="b">Pusbangkom Pimnas dan Manajerial ASN,</subfield>
      <subfield code="c">2023</subfield>
    </datafield>
    <datafield tag="300" ind1="#" ind2="#">
      <subfield code="a">78 halaman ;</subfield>
      <subfield code="c">30 cm</subfield>
    </datafield>
    <datafield tag="650" ind1="#" ind2="4">
      <subfield code="a">SOP</subfield>
    </datafield>
    <datafield tag="650" ind1="#" ind2="4">
      <subfield code="a">Elektronik SOP</subfield>
    </datafield>
    <datafield tag="520" ind1="#" ind2="#">
      <subfield code="a">SOP merupakan dokumen yang berisi langkah-langkah baku dalam melaksanakan suatu kegiatan. SOP penting untuk disusun agar kegiatan dapat dilaksanakan secara efektif dan efisien, serta untuk menghindari kesalahan dan ketidaksesuaian. Dalam penggunaannya ditemukan beberapa kendala sehingga perlu segera dilakukan pengembangan aplikasi E-SOP karena seluruh unit kerja menggunakan aplikasi ini dalam penyusunan dan pengembangan aplikasi E-SOP sebagai percepatan pengembangan.</subfield>
    </datafield>
    <datafield tag="856" ind1="#" ind2="#">
      <subfield code="a">Perpustakaan LAN Pusat</subfield>
    </datafield>
    <datafield tag="990" ind1="#" ind2="#">
      <subfield code="a">24.07.004</subfield>
    </datafield>
  </record>
</collection>
